Kis- és középvállalkozások adószabályainak és kapcsolódó közterheinek összehasonlítása kata, kiva, eva, és a társasági adó hatálya alatt

Bibliographic Details
Main Author: Perity Ádám
Other Authors: Galántainé Dr. Máté Dr. Zsuzsanna
Format: Thesis
Kulcsszavak:egyszerűsített vállalkozói adó (EVA)
kisadózó vállalkozások tételes adója (KATA)
kisvállalati adó (KIVA)
TAO
Online Access:http://dolgozattar.uni-bge.hu/14438

MARC

LEADER 00000nta a2200000 i 4500
001 dolg14438
005 20171216133114.0
008 171216suuuu hu om 000 hun d
040 |a BGE Dolgozattár Repozitórium  |b hun 
041 |a hu 
100 1 |a Perity Ádám 
245 1 0 |a Kis- és középvállalkozások adószabályainak és kapcsolódó közterheinek összehasonlítása kata, kiva, eva, és a társasági adó hatálya alatt  |c Perity Ádám  |h [elektronikus dokumentum] 
695 |a egyszerűsített vállalkozói adó (EVA) 
695 |a kisadózó vállalkozások tételes adója (KATA) 
695 |a kisvállalati adó (KIVA) 
695 |a TAO 
700 1 |a Galántainé Dr. Máté Dr. Zsuzsanna  |e ths 
856 4 0 |u http://dolgozattar.uni-bge.hu/14438/1/Perity%20%C3%81d%C3%A1m_szakdolgozat_dec16v%C3%A9gleges.pdf  |z Dokumentum-elérés